000 01366cam a2200349Ia 4500
001 159935083
003 OSt
005 20250902025346.0
008 070730r20072006nyu 000 f eng
020 _a0843958146 (pbk.)
020 _a9780843958140 (pbk.)
035 _a(WyU)b25669175
035 _a159935083
035 _a(OCoLC)ocn159935083
040 _aJBU
_cJBU
_dBAKER
_dWYU
090 _aPS3551.L393 M435 2007
090 _aPS3551.L393
_bM435 2007
100 1 _aHenry, Will,
_d1912-1991.
245 1 0 _aMedicine Road /
_cWill Henry.
260 _aNew York :
_bLeisure Books,
_c2007, c2006.
300 _a294 p. ;
_c18 cm.
500 _aOriginally published: Waterville, Me.: Five Star, 2006.
505 0 _aOrphans of the North -- Medicine Road.
520 _aMountain man Jim Bridger is counting on Jesse Callahan. He knows Callahan is the best mantolead the wagon train delivering guns and ammunition to Bridger's trading post at Green River. But Brigham Young has sworn to wipe out Bridger's posts, and he's hired Arapahoe warrior Watonga to capture those weapons at any cost.
600 1 0 _aBridger, Jim,
_d1804-1881
_vFiction.
600 1 0 _aYoung, Brigham,
_d1801-1877
_vFiction.
650 0 _aIndians of North America
_vFiction.
655 0 _aWestern stories.
740 0 2 _aOrphans of the North.
907 _a.b226590343
942 _cBK
999 _c31091
_d31089